|
|
|
|
| LEADER |
00000nas a2200000 a 4500 |
| 001 |
ssj0000396472 |
| 003 |
WaSeSS |
| 005 |
20200512172242.0 |
| 006 |
m d |
| 007 |
cr n |
| 008 |
090501c20089999nz x p s 0 a0eng c |
| 010 |
|
|
|a 2010247833
|
| 016 |
7 |
|
|a 99421829X
|2 DE-101
|
| 016 |
7 |
|
|a 2494856-1
|2 DE-600
|
| 016 |
7 |
|
|a 101550216
|2 DNLM
|
| 022 |
|
|
|a 1178-6973
|l 1178-6973
|
| 035 |
|
|
|a (WaSeSS)ssj0000396472
|
| 040 |
|
|
|a NZ1
|b eng
|c NZ1
|d OCLCQ
|d PFM
|d DEBBG
|d NLM
|d GWDNB
|d CUS
|d OCLCQ
|d OCLCF
|d EUW
|d OCLCQ
|d CASUM
|d OCLCQ
|d OCLCA
|d OCLCQ
|d OCLCA
|d WaSeSS
|
| 042 |
|
|
|a pcc
|
| 050 |
1 |
4 |
|a RM301
|
| 060 |
1 |
0 |
|a W1
|
| 082 |
0 |
4 |
|a 616.9
|2 22
|
| 210 |
1 |
|
|a Infect. drug resist.
|
| 210 |
1 |
0 |
|a Infect Drug Resist
|2 dnlm
|
| 222 |
|
0 |
|a Infection and drug resistance
|
| 245 |
0 |
0 |
|a Infection and drug resistance
|h [electronic resource].
|
| 260 |
|
|
|a Auckland, N.Z. :
|b Dove Medical Press,
|c 2008-
|
| 310 |
|
|
|a Irregular
|
| 362 |
1 |
|
|a Began with vol. 1 (2008).
|
| 506 |
|
|
|a License restrictions may limit access.
|
| 515 |
|
|
|a Articles added irregularly during the year and collected into annual issues.
|
| 588 |
|
|
|a Description based on: Vol. 1 (2008); title from journal home page (publisher's Web site, viewed Oct. 6, 2010).
|
| 588 |
|
|
|a Latest issue consulted: Vol. 4 (2011) (viewed May 3, 2011).
|
| 650 |
|
0 |
|a Infection
|x Treatment
|v Periodicals.
|
| 650 |
|
0 |
|a Drug resistance
|v Periodicals.
|
| 650 |
|
7 |
|a Drug resistance.
|2 fast
|0 (OCoLC)fst00898701
|
| 650 |
|
7 |
|a Infection
|x Treatment.
|2 fast
|0 (OCoLC)fst00972336
|
| 650 |
1 |
2 |
|a Infections.
|
| 650 |
2 |
2 |
|a Drug Resistance.
|
| 655 |
|
0 |
|a Electronic journals.
|
| 856 |
4 |
0 |
|z Full text available from Research Library: 01/01/2008 to present
|u https://search.proquest.com/publication/3933157
|